<?xml version="1.0" encoding="UTF-8"?>
<record
    xmlns:xsi="http://www.w3.org/2001/XMLSchema-instance"
    xsi:schemaLocation="http://www.loc.gov/MARC21/slim http://www.loc.gov/standards/marcxml/schema/MARC21slim.xsd"
    xmlns="http://www.loc.gov/MARC21/slim">

  <leader>01053cam a2200289Ia 4500</leader>
  <controlfield tag="001">u29660</controlfield>
  <controlfield tag="003">SIRSI</controlfield>
  <controlfield tag="007">heabmb---bacu</controlfield>
  <controlfield tag="008">080628s2004    ua a    bb    000 0 eng d</controlfield>
  <datafield tag="040" ind1=" " ind2=" ">
    <subfield code="a">EAL</subfield>
  </datafield>
  <datafield tag="041" ind1=" " ind2=" ">
    <subfield code="a">eng</subfield>
    <subfield code="b">ara</subfield>
  </datafield>
  <datafield tag="090" ind1=" " ind2=" ">
    <subfield code="a">Thesis</subfield>
    <subfield code="b">S-9116</subfield>
  </datafield>
  <datafield tag="100" ind1="1" ind2=" ">
    <subfield code="a">Mohamed, Hossam Eldin Saad Elbeltagi.</subfield>
  </datafield>
  <datafield tag="245" ind1="1" ind2="0">
    <subfield code="a">Biochemical studies on cadmium and lead effects on radish plant</subfield>
    <subfield code="h">[microform]/</subfield>
    <subfield code="c">Hossam Eldin Saad Elbeltagi Mohamed.</subfield>
  </datafield>
  <datafield tag="246" ind1="1" ind2="5">
    <subfield code="a">&#x62F;&#x631;&#x627;&#x633;&#x627;&#x62A; &#x643;&#x64A;&#x645;&#x64A;&#x627;&#x626;&#x64A;&#x629; &#x62D;&#x64A;&#x648;&#x64A;&#x629; &#x639;&#x644;&#x649; &#x62A;&#x623;&#x62B;&#x64A;&#x631;&#x627;&#x62A; &#x627;&#x644;&#x643;&#x627;&#x62F;&#x645;&#x64A;&#x648;&#x645; &#x648; &#x627;&#x644;&#x631;&#x635;&#x627;&#x635; &#x639;&#x644;&#x649; &#x646;&#x628;&#x627;&#x62A; &#x627;&#x644;&#x641;&#x62C;&#x644;.</subfield>
  </datafield>
  <datafield tag="260" ind1=" " ind2=" ">
    <subfield code="c">2004.</subfield>
  </datafield>
  <datafield tag="300" ind1=" " ind2=" ">
    <subfield code="a">213, 10Leaves:</subfield>
    <subfield code="b">ill.;</subfield>
    <subfield code="c">30 cm.</subfield>
  </datafield>
  <datafield tag="502" ind1=" " ind2=" ">
    <subfield code="a">Thesis (Ph.D.)--Cairo University, 2004.</subfield>
  </datafield>
  <datafield tag="504" ind1=" " ind2=" ">
    <subfield code="a">Includes bibliographical references (leaves 171-213)</subfield>
  </datafield>
  <datafield tag="533" ind1=" " ind2=" ">
    <subfield code="a">Microfiche.</subfield>
    <subfield code="b">Cairo,Egypt:</subfield>
    <subfield code="c">ASUNET,</subfield>
    <subfield code="e">4 microfiches:negative.</subfield>
  </datafield>
  <datafield tag="546" ind1=" " ind2=" ">
    <subfield code="a">Summary in Arabic.</subfield>
  </datafield>
  <datafield tag="596" ind1=" " ind2=" ">
    <subfield code="a">1</subfield>
  </datafield>
  <datafield tag="650" ind1=" " ind2="0">
    <subfield code="a">Radishes.</subfield>
  </datafield>
  <datafield tag="650" ind1=" " ind2="0">
    <subfield code="a">Plants</subfield>
    <subfield code="x">Effect of cadmium on</subfield>
  </datafield>
  <datafield tag="650" ind1=" " ind2="0">
    <subfield code="a">Lead.</subfield>
  </datafield>
  <datafield tag="942" ind1=" " ind2=" ">
    <subfield code="c">MIC</subfield>
    <subfield code="2">lcc</subfield>
  </datafield>
  <datafield tag="952" ind1=" " ind2=" ">
    <subfield code="0">0</subfield>
    <subfield code="1">0</subfield>
    <subfield code="2">lcc</subfield>
    <subfield code="4">0</subfield>
    <subfield code="7">0</subfield>
    <subfield code="a">ENAL</subfield>
    <subfield code="b">ENAL</subfield>
    <subfield code="d">2018-02-19</subfield>
    <subfield code="l">0</subfield>
    <subfield code="o">THESIS S-9116</subfield>
    <subfield code="p">82048-1001</subfield>
    <subfield code="r">2018-02-19 00:00:00</subfield>
    <subfield code="t">1</subfield>
    <subfield code="w">2018-02-19</subfield>
    <subfield code="y">MIC</subfield>
  </datafield>
  <datafield tag="999" ind1=" " ind2=" ">
    <subfield code="c">10141</subfield>
    <subfield code="d">10141</subfield>
  </datafield>
</record>
